000 00304nam a2200121Ia 4500
008 240624s9999 xx 000 0 und d
041 _aeng
082 _a658.4 KUM
100 _aKUMAR U DINESH
245 _aBUSINESS ANALYTICS THE SCIENCE OF DATA D
260 _c2017
_aNew Delhi
_bWiley
300 _a736 p.
999 _c30264
_d30264